Skip to main content
Your cart is empty.
Your lists
Log in to create your own lists
Your cookies
العربية
English
العربية
Home
Search
Advanced search
Authority search
About
The noble scholar, jurist, historian
His Excellency Dr. Abdul Wahhab bin Ibrahim Abu Sulaiman, may Allah have mercy on him.
He was born in Umm Al-Qura in the year 1356 AH.
Library catalog
Title
Author
Subject
ISBN
ISSN
Series
Call number
Log in to your account
×
Login:
Password:
Home
MARC view: النخبة الذكية في فن أصول فقه مذهب الحنفية /
Normal view
MARC view
ISBD view
النخبة الذكية في فن أصول فقه مذهب الحنفية / (Record no. 14084)
[
view plain
]
MARC details
000 -LEADER
fixed length control field
01448cam a22003011i 4500
003 - CONTROL NUMBER IDENTIFIER
control field
SA-RiAUC
005 - DATE AND TIME OF LATEST TRANSACTION
control field
20260118123955.0
008 - FIXED-LENGTH DATA ELEMENTS--GENERAL INFORMATION
fixed length control field
260101s1896 ua g 000r0 ara c
040 ## - CATALOGING SOURCE
Original cataloging agency
SA-RiAUC
Language of cataloging
ara
Transcribing agency
SA-RiAUC
Description conventions
rda
082 04 - DEWEY DECIMAL CLASSIFICATION NUMBER
Classification number
258.1
090 ## - LOCALLY ASSIGNED LC-TYPE CALL NUMBER (OCLC); LOCAL CALL NUMBER (RLIN)
Classification number (OCLC) (R) ; Classification number, CALL (RLIN) (NR)
م ن 258.1
Local cutter number (OCLC) ; Book number/undivided call number, CALL (RLIN)
ق ل و
100 1# - MAIN ENTRY--PERSONAL NAME
Personal name
القلوصني، عمر نور الدين
Relator term
مؤلف.
245 12 - TITLE STATEMENT
Title
النخبة الذكية في فن أصول فقه مذهب الحنفية /
Statement of responsibility, etc.
لجامعها عمر نور الدين الحنفي القلوصني.
264 #1 - PRODUCTION, PUBLICATION, DISTRIBUTION, MANUFACTURE, AND COPYRIGHT NOTICE
Place of production, publication, distribution, manufacture
[مكان النشر غير محدد] :
Name of producer, publisher, distributor, manufacturer
[الناشر غير محدد]،
Date of production, publication, distribution, manufacture, or copyright notice
[1896]
264 #3 - PRODUCTION, PUBLICATION, DISTRIBUTION, MANUFACTURE, AND COPYRIGHT NOTICE
Place of production, publication, distribution, manufacture
القاهرة :
Name of producer, publisher, distributor, manufacturer
مطبعة المقتطف
300 ## - PHYSICAL DESCRIPTION
Extent
31 صفحة ؛
Dimensions
20 سم
336 ## - CONTENT TYPE
Content type term
نص
Content type code
txt
Source
rdacontent
Materials specified
كتاب
337 ## - MEDIA TYPE
Media type term
بدون وسيط
Media type code
n
Source
rdamedia
338 ## - CARRIER TYPE
Carrier type term
مجلد
Carrier type code
nc
Source
rdacarrier
501 ## - WITH NOTE
With note
مع : هذه رساله في تعريف حدود العلوم / منتصر بن حسام الدين السيوطي.
650 #7 - SUBJECT ADDED ENTRY--TOPICAL TERM
Topical term or geographic name entry element
الفقه الحنفي
Source of heading or term
aucsh
650 #7 - SUBJECT ADDED ENTRY--TOPICAL TERM
Topical term or geographic name entry element
أصول الفقه الإسلامي
Source of heading or term
aucsh
650 #7 - SUBJECT ADDED ENTRY--TOPICAL TERM
Topical term or geographic name entry element
فقه الشيعة
Source of heading or term
aucsh
700 12 - ADDED ENTRY--PERSONAL NAME
Personal name
السيوطي، منتصر بن حسام الدين،
Dates associated with a name
توفي حوالي قرن 11 هجري
Title of a work
هذه رسالة في تعريف حدود العلوم.
740 02 - ADDED ENTRY--UNCONTROLLED RELATED/ANALYTICAL TITLE
Uncontrolled related/analytical title
هذه رسالة في تعريف حدود العلوم.
942 ## - ADDED ENTRY ELEMENTS (KOHA)
Source of classification or shelving scheme
Dewey Decimal Classification
Koha item type
كتاب مصور نادر
Suppress in OPAC
No
949 ## - LOCAL PROCESSING INFORMATION (OCLC)
a
SA-JeALM
d
260101
u
mohamedma123
n
1
Holdings
Withdrawn status
Lost status
Source of classification or shelving scheme
Damaged status
Not for loan
Home library
Current library
Date acquired
Total checkouts
Full call number
Barcode
Date last seen
Price effective from
Koha item type
Dewey Decimal Classification
DR AbdElwahab Library
DR AbdElwahab Library
01/18/2026
م ن 258.1 ق ل و
000022507
01/18/2026
01/18/2026
كتاب مصور نادر
Dewey Decimal Classification
DR AbdElwahab Library
DR AbdElwahab Library
01/18/2026
م ن 258.1 ق ل و
000022508
01/18/2026
01/18/2026
كتاب مصور نادر
Dewey Decimal Classification
DR AbdElwahab Library
DR AbdElwahab Library
01/18/2026
م ن 258.1 ق ل و
000022509
01/18/2026
01/18/2026
كتاب مصور نادر
Place hold
Print
Add to your cart
(remove)
Save record
BIBTEX
Dublin Core
MARCXML
MARC (non-Unicode/MARC-8)
MARC (Unicode/UTF-8)
MARC (Unicode/UTF-8, Standard)
MODS (XML)
RIS
ISBD
More searches
Search for this title in:
Other Libraries (WorldCat)
Other Databases (Google Scholar)
Online Stores (Bookfinder.com)
Open Library (openlibrary.org)
Exporting to Dublin Core...
×
Simple DC-RDF
OAI-DC
SRW-DC